Państwa o ograniczonym uznaniu międzynarodowym - Statystyki

Ogólne statystyki
  • Ten quiz został rozwiązany 22 razy
  • Średni wynik to 7 z 9
Statystyki odpowiedzi
Kraj z którego pochodzi Kontynent Kilometry kwadratowe Język urzędowy Drugi język urzędowy Jeden kolor z flagi Odpowiedź % Poprawnych
Serbia Europa 10 887 km² Albański Serbski Niebieski Kosowo
100%
Izrael Azja 6 025 km² Arabski Brak Czerwony Palestyna
91%
Gruzja Azja 8 600 km² Abchaski Rosyjski Zielony Abchazja
86%
Mołdawia Europa 4 163 km² Mołdawski Rosyjski Czerwony Naddniestrze
86%
Cypr Azja 3 355 km² Grecki Turecki Biały Cypr północny
82%
Gruzja Azja 3 900 km² Osetyjski Rosyjski Żółty Ossetia Południowa
77%
Maroko Afryka 266 000 km² Arabski Brak Biały Sahara zachodnia
77%
Somalia Afryka 137 600 km² Somalijski Arabski Zielony Somaliland
68%
Chiny Azja 36 197 km² Mandaryński Brak Niebieski Tajwan
59%
Nie znaleziono quizów pasujących do podanych kryteriów
Rozkład punktacji
Procent ludzi z każdym wynikiem
Percentyl według liczby udzielonych odpowiedzi
Twoja historia wyników
Nie rozwiązałeś tego quizu